| 000 | 00923nam a2200277 i 4500 | ||
|---|---|---|---|
| 003 | EG-GICUC | ||
| 005 | 20260121101223.0 | ||
| 008 | 251116s1937 uk ||||fr|||| 000 0 eng d | ||
| 040 |
_aEG-GiCUC _beng _cEG-GiCUC _dEG-GiCUC _erda |
||
| 082 | 0 | 4 |
_221 _a338.92 _bRO . P |
| 099 | _aLaw1 13 338.92 RO . P 1937 | ||
| 100 | 1 |
_aRobson, William A _eAuthor. |
|
| 245 | 1 | 0 |
_aPublic Enterprise : _b Developments in Social Ownership and Control in Great Britain / _cWilliam a. Robson. |
| 264 | 1 |
_aLondon : _bGeorge Allen & Unwin Ltd Museum Street, _c1937. |
|
| 300 |
_a416 pages ; _c24 cm |
||
| 336 |
_2rda content _atext |
||
| 337 |
_2rda media _aComputer |
||
| 338 |
_2rda carrier _aOnline Resource |
||
| 504 | _a | ||
| 546 | _aText in English | ||
| 650 | 1 |
_aPublic finance and tax legislation _2 |
|
| 651 | 1 | _2 | |
| 856 | 4 | 0 | _uhttps://fll.law.cu.edu.eg/fulltext/bks/B13-06631.pdf |
| 905 | _a50 | ||
| 942 |
_2ddc _cBK _e21 _n0 |
||
| 999 |
_c43364 _d43364 |
||